De wind waait, (Record no. 6137)

MARC details
000 -LEADER
fixed length control field 00620cam a22002291 4500
001 - CONTROL NUMBER
control field af 48004615
003 - CONTROL NUMBER IDENTIFIER
control field DLC
005 - DATE AND TIME OF LATEST TRANSACTION
control field 20260227110909.0
008 - FIXED-LENGTH DATA ELEMENTS--GENERAL INFORMATION
fixed length control field 890518s1944 be 000 1 dut c
010 ## - LIBRARY OF CONGRESS CONTROL NUMBER
LC control number af 48004615
035 ## - SYSTEM CONTROL NUMBER
System control number (OCoLC)19731952
040 ## - CATALOGING SOURCE
Original cataloging agency California. Univ. Libr.
Transcribing agency CU
Modifying agency DLC
042 ## - AUTHENTICATION CODE
Authentication code premarc
050 00 - LIBRARY OF CONGRESS CALL NUMBER
Classification number PT6430.H28
Item number W5 1944
100 1# - MAIN ENTRY--PERSONAL NAME
Personal name Hallen, Ernest van der,
Dates associated with a name 1898-1948.
245 13 - TITLE STATEMENT
Title De wind waait,
Remainder of title roman.
260 ## - PUBLICATION, DISTRIBUTION, ETC.
Place of publication, distribution, etc. Brugge,
Name of publisher, distributor, etc. De Kinkhoren,
Date of publication, distribution, etc. 1944.
300 ## - PHYSICAL DESCRIPTION
Extent 143 p.
Dimensions 20 cm.
490 1# - SERIES STATEMENT
Series statement Romanreeks "Korenaren,"
Volume/sequential designation 8
500 ## - GENERAL NOTE
General note "Deerde druk."
830 #0 - SERIES ADDED ENTRY--UNIFORM TITLE
Uniform title Korenaren ;
Volume/sequential designation 8.

No items available.

Powered by Koha